000 00584cam a2200229 4500
008 090401t1997 xxu||||| |||| 00| 0 eng d
020 _a0727725874
035 _a(Sirsi) u98558
041 _aeng
050 _a339.41
100 _aSnell, Michael
245 _aCost-benefit analysis : for engineers and planners.
260 _aLondon
_bThomas Telford
_c1997
300 _axvi, 306p. ; 24cm.
350 _a45.00
650 _aCOST BENEFIT ANALYSIS
650 _aECONOMICS
650 _aFINANCE
690 _aProject management
_96261
942 _n0
948 _c21/07/1997
999 _c99182
_d99182